[Event "Serbia ch 2008"]
[Site "Mataruska Banja SRB"]
[Date "2008.03.27"]
[Round "12.7"]
[White "Kovacevic, Aleksandar"]
[Black "Markus, Robert"]
[Result "1/2-1/2"]
[WhiteElo "2575"]
[BlackElo "2575"]
[PlyCount "25"]
[EventDate "2008.03.15"]
[EventType "tourn"]
[EventRounds "13"]
[EventCategory "12"]
[Source "lmi"]
[SourceDate "2008.03.15"]

1. e4 c5 2. Nf3 e6 3. c3 d5 4. exd5 Qxd5 5. d4 Nf6 6. Be2 Nc6 7. O-O cxd4 8.
Nxd4 Bd7 9. Bf3 Qa5 10. Nxc6 Bxc6 11. Bxc6+ bxc6 12. Nd2 Be7 13. Nc4 1/2-1/2